00765nam a2200205Ia 4500008004100000082001600041100001500057245004400072250000800116260003200124300000800156500002400164650001400188700001600202942000700218952010500225952010600330952010600436999001700542230524s9999 xx 000 0 und d a645.12bMER aJ.L.Meriam 0aEngineering Mechanics Statics (5th ed.) a5TH aNEW DELHIbJohn Wileyc2003 a496 aQuantity Number: 3 aMechanics a L.G.Kraige cBK 00104070aTATCLbTATCLcGENd2023-05-24l0o645.12 MERp8464r2023-05-24w2023-05-24yBKzBENG1101 00104070aTATCLbTATCLcGENd2023-05-24l0o645.12 MERp49774r2023-05-24w2023-05-24yBKzBENG1101 00104070aTATCLbTATCLcGENd2023-05-24l0o645.12 MERp49775r2023-05-24w2023-05-24yBKzBENG1101 c11977d11977